000 00404nam a2200169Ia 4500
005 20140402134758.0
008 140130s9999 xx 000 0 und d
050 _aPE 1121
_b.G46 1972
245 _cGeorge, Jean C.
_aJulie of the wolves
260 _bScholastic,
_c1972
300 _a170 p. :
_c18 cm.
440 _v1
_931174
521 _aG7
526 _c860
942 _cBK
_2lcc
999 _c41231
_d41231